Turin Airport Destinations (Turin, Italy) - Statistics

General Stats
  • This quiz has been taken 212 times
    79 since last reset
  • The average score is 46 of 65
Answer Stats
Airline Destination % Correct
Air France Paris (Charles de Gaulle)
97%
Volotea Paris (Orly)
97%
Ryanair/Vueling Barcelona
95%
British Airways/easyJet/TUI Airways London (Gatwick)
94%
easyJet/Ryanair London (Luton)
94%
Ryanair/TUI Airways London (Stansted)
94%
Ryanair/Volotea/Wizz Air Naples
94%
ITA Airways Rome (Fiumicino)
94%
KLM Amsterdam
92%
Turkish Airlines Istanbul
92%
Iberia/Ryanair Madrid
92%
Ryanair Bari
90%
Wizz Air Budapest
90%
Aer Lingus/Ryanair/TUI Airways Dublin
90%
Wizz Air Bucharest (Băneasa)
89%
Wizz Air Bucharest (Otopeni)
89%
Air Dolomiti Munich
89%
Ryanair/Volotea Palermo
89%
easyJet/Jet2.com/Ryanair/TUI Airways Manchester
87%
Air Dolomiti Frankfurt
84%
Ryanair Valencia
84%
Jet2.com Edinburgh
82%
TUI Airways Glasgow
82%
Ryanair Málaga
82%
Ryanair Prague
82%
Jet2.com/Ryanair/TUI Airways Birmingham
81%
Royal Air Maroc Casablanca
81%
Ryanair Copenhagen
81%
Wizz Air Warsaw (Chopin)
81%
Eurowings/Ryanair Stockholm (Arlanda)
79%
Ryanair/Wizz Air Tirana
76%
airBaltic/Ryanair Vilnius
76%
Ryanair Porto
74%
Ryanair Seville
74%
Ryanair Ibiza
73%
Ryanair/TUI Airways Belfast (International)
71%
Ryanair/Wizz Air Catania
71%
Ryanair Kraków
71%
Ryanair Liverpool
71%
easyJet/Ryanair/TUI Airways Bristol
69%
Ryanair Cagliari
69%
Ryanair Alicante
66%
Ryanair Malta
66%
Wizz Air Sofia
65%
Ryanair Brindisi
61%
ITA Airways/Volotea Olbia
61%
FlyOne Chișinău
56%
Ryanair Marrakesh
56%
TUI Airways Newcastle upon Tyne
56%
Ryanair Lamezia Terme
55%
Wizz Air Iași
53%
Ryanair Charleroi
50%
Volotea Alghero
48%
TUI Airways East Midlands
48%
Ryanair Corfu
47%
Ryanair Trapani
45%
Dan Air Bacău
42%
Ryanair Reggio Calabria
42%
Ryanair Shannon
42%
Ryanair Tel Aviv
42%
Ryanair Pescara
40%
Ryanair Lanzarote
35%
Ryanair Salerno
35%
Lumiwings Foggia
34%
Ryanair Crotone
32%
No matching quizzes found
Score Distribution
Percent of People with Each Score
Percentile by Number Answered
Your Score History
You have not taken this quiz since the last reset